书目信息 |
| 题名: |
重大航天事故揭秘
|
|
| 作者: | 王志军 编著 | |
| 分册: | ||
| 出版信息: | 北京 长虹出版公司 1999.07 |
|
| 页数: | 200页 | |
| 开本: | 32开 | |
| 丛书名: | ||
| 单 册: | ||
| 中图分类: | I253.6 | |
| 科图分类: | ||
| 主题词: | 报告文学--中国 , 传记文学--中国 | |
| 电子资源: | ||
| ISBN: | 7-80063-046-3 | |
| 000 | 00594nam0 2200205 45 | |
| 001 | 0012101148 | |
| 005 | 20001210113413.8 | |
| 010 | @a7-80063-046-3@d12.00元 | |
| 100 | @a20001210d1999 km y0chiy0120 ea | |
| 101 | 0 | @achi |
| 105 | @a z 000yy | |
| 200 | 1 | @a重大航天事故揭秘@AZhong Da Hang Tian Shi Gu Jie Mi@f王志军 编著@FWang zhi jun bian zhu |
| 210 | @a北京@c长虹出版公司@d1999.07 | |
| 215 | @a200页@d32开 | |
| 606 | 0 | @a报告文学@x中国 |
| 606 | 0 | @a传记文学@x中国 |
| 690 | @aI253.6@v3 | |
| 701 | 0 | @a王志军@4编著 |
| 801 | @aCN@bPftUser@c20001210 | |
| 905 | @b302746-749@dI253.6@eW363@f4 | |
| 重大航天事故揭秘/王志军 编著.-北京:长虹出版公司,1999.07 |
| 200页;32开 |
| ISBN 7-80063-046-3:12.00元 |
| ● |
| 相关链接 |
|
|
|
正题名:重大航天事故揭秘
索取号:I253.6/W363
 
预约/预借
| 序号 | 登录号 | 条形码 | 馆藏地/架位号 | 状态 | 备注 |
| 1 | 302746 | 203027465 | 社科二线422/422社科库 49排6列2层/ [索取号:I253.6/W363] | 在馆 | |
| 2 | 302747 | 203027474 | 文学库108/108文学库 68排6列4层/ [索取号:I253.6/W363] | 在馆 | |
| 3 | 302748 | 203027483 | 文学库108/108文学库 19排4列2层/ [索取号:I253.6/W363] | 在馆 | |
| 4 | 302749 | 203027492 | 文学库108/108文学库 68排6列4层/ [索取号:I253.6/W363] | 在馆 |